| Tag |
First Indicator |
Second Indicator |
Subfields |
| LEADER |
00000cam a2200000 i 4500 |
| 001 |
in00003710021 |
| 005 |
20170926143020.0 |
| 008 |
160614s2016 enk 001 0 eng d |
| 020 |
|
|
|a 9780199650668
|q hardback
|
| 020 |
|
|
|a 0199650667
|
| 035 |
|
|
|a (OCoLC)ocn954058681
|
| 040 |
|
|
|a EQO
|e rda
|c EQO
|d COO
|d YDX
|d TXA
|d UtOrBLW
|
| 049 |
|
|
|a TXAM
|
| 050 |
|
4 |
|a PA6054
|b .F53 2016
|
| 082 |
0 |
|
|a 873/.0109
|2 23
|
| 245 |
0 |
0 |
|a Flavian Epic /
|c edited by Antony Augoustakis.
|
| 264 |
|
1 |
|a Oxford ;
|a New York :
|b Oxford University Press,
|c [2016]
|
| 264 |
|
4 |
|c ©2016
|
| 300 |
|
|
|a xii, 538 pages ;
|c 23 cm.
|
| 336 |
|
|
|a text
|b txt
|2 rdacontent
|
| 337 |
|
|
|a unmediated
|b n
|2 rdamedia
|
| 338 |
|
|
|a volume
|b nc
|2 rdacarrier
|
| 490 |
1 |
|
|a Oxford readings in classical studies
|
| 504 |
|
|
|a Includes bibliographical references (pages [459]-499) and indexes.
|
| 520 |
|
|
|a The epics of the three Flavian poets, Silius Italicus, Statius and Valerius Flaccus, have, in recent times, attracted the attention of scholars, who have reevaluated the particular merits of Flavian poetry as far more than imitation of the traditional norms and patterns. Drawn from sixty years of scholarship, this edited collection is the first volume to collate the most influential modern academic writings on Flavian epic poetry, revised and updated to provide both scholars and students alike with a broad yet comprehensive overview of the field. A wide range of topics receive coverage, and analysis and interpretation of individual poems are integrated throughout. The plurality of the critical voices included in the volume presents a much-needed variety of approaches, which are used to tackle questions of intertextuality, gender, poetics and the social and political context of the period. In doing so, the volume demonstrates that by engaging in a complex and challenging intertextual dialogue with their literary predecessors, the innovative epics of the Flavian poets respond to contemporary needs, expressing overt praise, or covert anxiety, towards imperial rule and the empire.
|
| 600 |
1 |
0 |
|a Valerius Flaccus, Gaius,
|d active 1st century
|x Criticism and interpretation.
|
| 600 |
1 |
0 |
|a Silius Italicus, Tiberius Catius
|x Criticism and interpretation.
|
| 600 |
1 |
0 |
|a Statius, P. Papinius
|q (Publius Papinius)
|x Criticism and interpretation.
|
| 650 |
|
0 |
|a Epic poetry, Latin
|x History and criticism.
|0 http://id.loc.gov/authorities/subjects/sh2008103293
|
| 700 |
1 |
|
|a Augoustakis, Antony,
|e editor.
|0 http://id.loc.gov/authorities/names/n2009067750
|
| 830 |
|
0 |
|a Oxford readings in classical studies.
|0 http://id.loc.gov/authorities/names/n2002045208
|
| 945 |
|
|
|a PromptCat
|
| 948 |
|
|
|a cataloged
|b h
|c 2016/8/23
|d c
|e dmitchel
|f 9:30:20 am
|
| 994 |
|
|
|a C0
|b TXA
|
| 999 |
f |
f |
|s ffeeaf1f-119e-3e0e-99c6-6963305975f4
|i 6d2e715b-1a6b-326c-838b-ee2904507dc8
|t 0
|
| 952 |
f |
f |
|p normal
|a Texas A&M University
|b College Station
|c Sterling C. Evans Library
|d Evans: Library Stacks
|t 0
|e PA6054 .F53 2016
|h Library of Congress classification
|i unmediated -- volume
|m A14843436198
|
| 998 |
f |
f |
|a PA6054 .F53 2016
|t 0
|l Evans: Library Stacks
|